Flow 2000 - Bad Gyal - Estadísticas

Estadísticas generales
  • Esta prueba ha sido intentada 25 veces
  • La puntuación promedio es 155 de 204
Estadísticas de respuestas
Letra Respuesta % Correcto
e'
100%
2000
95%
Flow
95%
flow
95%
que
95%
un
95%
una
95%
Una
95%
y
95%
Yo
95%
yo
95%
con
90%
Con
90%
la
90%
La
90%
soy
90%
Soy
90%
vestida
90%
cara
85%
como
85%
de
85%
dice
85%
el
85%
lo
85%
Verso 1 Me
85%
me
85%
no
85%
se
85%
ser
85%
85%
veo
85%
ante
80%
ante'
80%
en
80%
modelo
80%
pussy
80%
Pussy
80%
rara
80%
video
80%
arte
75%
Baby
75%
llevo
75%
Podría
75%
diamante
70%
Encima
70%
exclusive
70%
joyería
70%
muñeca
70%
eso
65%
hay
65%
los
65%
percha
65%
piano
65%
verdad
65%
brillan
60%
Conmigo
60%
hasta
60%
huele
60%
Rusia
60%
tontería
60%
fumo
55%
Lil
55%
mano
55%
tiempos
55%
Uñas
55%
bate
50%
Chanel
50%
chocolate
50%
clase
50%
Conjuntito
50%
corta
50%
da
50%
Emilio
50%
falda
50%
gasto
50%
Prendo
50%
uno
50%
al
45%
Bad
45%
Coco
45%
coleccionista
45%
farsante'
45%
género
45%
Gyal
45%
hace'
45%
hotel
45%
llego
45%
original
45%
Original
45%
papel
45%
urbano
45%
Uzi
45%
vano
45%
mejor
40%
ni
40%
Parezco
40%
tussi
40%
del
35%
quiero
35%
viste
35%
ello'
30%
Perco'
30%
Britney
25%
Ah
20%
Pucci
20%
No se encontraron pruebas coincidentes
Distribución de puntuación
Porcentaje de gente con cada puntuación
Porcentaje por número respondido
Historial de tus puntuaciones
No has intentado esta prueba.